000 00436nam a2200169 a 4500
001 0000-9298
003 ELIB.Books
008 110520 1989
035 _a(ELIB.Books)0000-9450
082 _a230
_bLea
100 _aLeach, Donn
245 _aWhat the Bible Says About: Jesus
260 _bJoplin: Wllege Press Publishing Company
_c1989
650 _aTheology
942 _2ddc
_cBK
998 _cbat
_e2011-05-20
999 _c9298
_d9298